Cracking the TOEFL iBT with CD (Record no. 311718)

000 -LEADER
fixed length control field 00313 a2200133 4500
001 - CONTROL NUMBER
control field 76645
082 ## - DEWEY DECIMAL CLASSIFICATION NUMBER
Classification number 428.2407 PIE
090 ## - LOCALLY ASSIGNED LC-TYPE CALL NUMBER (OCLC); LOCAL CALL NUMBER (RLIN)
-- 39165
-- 39165
100 ## - MAIN ENTRY--PERSONAL NAME
Personal name Pierce Douglas
245 ## - TITLE STATEMENT
Title Cracking the TOEFL iBT with CD
260 ## - PUBLICATION, DISTRIBUTION, ETC.
Place of publication, distribution, etc. New York
Name of publisher, distributor, etc. Random House
Date of publication, distribution, etc. 2007
300 ## - PHYSICAL DESCRIPTION
Extent viii, 536 p.
740 ## - ADDED ENTRY--UNCONTROLLED RELATED/ANALYTICAL TITLE
Uncontrolled related/analytical title IBT
942 ## - ADDED ENTRY ELEMENTS (KOHA)
Institution code [OBSOLETE] NUST-CAE
Call number prefix 428.2407 PIE
Holdings
Withdrawn status Lost status Damaged status Not for loan Collection code Permanent Location Current Location Date acquired Total Checkouts Full call number Barcode Date last seen Price effective from Koha item type
          College of Aeronautical Engineering (CAE) College of Aeronautical Engineering (CAE) 04/03/2017   428.2407 PIE CAE81627 04/05/2017 04/05/2017 Book
          College of Aeronautical Engineering (CAE) College of Aeronautical Engineering (CAE) 04/03/2017   428.2407 PIE CAE81628 04/05/2017 04/05/2017 Book
© 2023 Central Library, National University of Sciences and Technology. All Rights Reserved.